Jesus Christ: message to all nations
Saved in:
| Hovedforfatter: | |
|---|---|
| Format: | Bog |
| Sprog: | engelsk |
| Udgivet: |
Salt Lake City
Church of Jesus Christ of Latter-day Saints
2012
|
| Fag: | |
| Tags: |
Tilføj Tag
Ingen Tags, Vær først til at tagge denne postø!
|
MARC
| LEADER | 00000cam a2200000 a 4500 | ||
|---|---|---|---|
| 001 | UCF5453 | ||
| 003 | CL-VaPUC | ||
| 008 | 130307e20120000US |||||||||||||||||eng|d | ||
| 020 | |a 9781937271169 | ||
| 082 | 0 | 4 | |a 289.332 |b JEF |2 21 |
| 100 | |a Jeffs, Warren S |e author |9 567404 | ||
| 245 | 1 | 0 | |a Jesus Christ: message to all nations |
| 300 | |a 854 p | ||
| 942 | |c BK | ||
| 945 | |d 20130307 00:00:00 |a dcastane | ||
| 260 | |a Salt Lake City |b Church of Jesus Christ of Latter-day Saints |c 2012 | ||
| 600 | 0 | 7 | |a IGLESIA DE JESUCRISTO DE LOS SANTOS DE LOS ULTIMOS DIAS |2 CL-VaPUC |9 567405 |
| 650 | 7 | |a IGLESIA MORMONA |2 CL-VaPUC |9 567406 | |
| 650 | 7 | |a MORMONES |2 CL-VaPUC |9 408070 | |
| 650 | 7 | |a IDEOLOGIA Y FE |2 CL-VaPUC |9 567407 | |
| 650 | 7 | |a IDEOLOGIAS RELIGIOSAS |2 CL-VaPUC |9 399823 | |
| 583 | |a last modification |c 20130307 11:37:00 |k Rodrigo Vera | ||
| 999 | |c 350993 |d 350991 | ||
| 952 | |0 0 |1 0 |4 0 |6 289_332000000000000_JEF_2012 |7 0 |8 A |9 454847 |a BIBTEO |b BIBTEO |d 2019-11-22 |i 4952537 |o 289.332 JEF 2012 |p 4952537 |r 2024-01-18 |w 2019-11-22 |y BK |k ICR | ||
| 952 | |0 0 |1 0 |3 erd |4 0 |6 289_332000000000000_JEF_2012 |7 0 |8 A |9 454848 |a BIBTEO |b BIBTEO |i 5090059 |o 289.332 JEF 2012 |p 5090059 |r 2024-01-18 |w 2019-11-22 |y BK |z Catalogado en:20140717 |k ICR | ||